Calculating the cost of overheads (Record no. 82069)

MARC details
000 -LEADER
fixed length control field 01339cam a22002295a 4500
001 - CONTROL NUMBER
control field L149133
008 - FIXED-LENGTH DATA ELEMENTS--GENERAL INFORMATION
fixed length control field 100115s2009 xxk 000 0 eng d
035 ## - SYSTEM CONTROL NUMBER
System control number (Sirsi) u149133
041 0# - LANGUAGE CODE
Language code of text/sound track or separate title eng
100 1# - MAIN ENTRY--PERSONAL NAME
Personal name Sims, Sally
245 00 - TITLE STATEMENT
Title Calculating the cost of overheads
Remainder of title the real impact of HVOTLs on house price
260 ## - PUBLICATION, DISTRIBUTION, ETC.
Date of publication, distribution, etc. 2009
490 #0 - SERIES STATEMENT
Series statement Property Management
Volume/sequential designation 27(5) 2009, 319-347(28)
520 ## - SUMMARY, ETC.
Summary, etc. Can asking price provide a reliable indication of the impact of a negative externality such as the proximity of high voltage overhead power lines (HVOTL) when transaction data are scarce? An analysis of the value impacts of HVOTLs and other negative externalities relies almost entirely on valuer expertise. The research presented confirms that residential property values in England are also negatively affected by the presence of an HVOTL but indicates as well that using asking price as a substitute for transaction price can result in a serious underestimation of the impact of this type of environmental feature. Tables. Notes. References. Further reading. Appendices.
590 ## - LOCAL NOTE (RLIN)
Local note KA
651 #4 - SUBJECT ADDED ENTRY--GEOGRAPHIC NAME
Geographic name United Kingdom
Chronological subdivision
690 ## - LOCAL SUBJECT ADDED ENTRY--TOPICAL TERM (OCLC, RLIN)
Topical term or geographic name as entry element PROPERTY-RESIDENTIAL PROPERTY-RESIDENTIAL PROPERTY MARKET
690 ## - LOCAL SUBJECT ADDED ENTRY--TOPICAL TERM (OCLC, RLIN)
Topical term or geographic name as entry element PROPERTY-PROPERTY VALUATION AND APPRAISAL
700 1# - ADDED ENTRY--PERSONAL NAME
Personal name Dent, Peter
700 1# - ADDED ENTRY--PERSONAL NAME
Personal name Ennis-Reynolds, Gina
942 ## - ADDED ENTRY ELEMENTS (KOHA)
Suppress in OPAC 0
Holdings
Withdrawn status Lost status Source of classification or shelving scheme Damaged status Not for loan Home library Current library Shelving location Date acquired Total Checkouts Full call number Barcode Date last seen Copy number Price effective from Koha item type
    Dewey Decimal Classification     London London Journals 15/01/2010   L149133 149133-1001 06/08/2019 1 06/08/2019 Journal article